| 000 | 00531nam a2200169Ia 4500 | ||
|---|---|---|---|
| 008 | 110201s9999 xx 000 0 und d | ||
| 082 |
_bB8503 _aBAL 2147 |
||
| 100 | _aनाडकर्णी सुरेश | ||
| 245 | _aसाधे रोग | ||
| 260 | _bनॅशनल बुक ट्रस्ट | ||
| 365 | _b11 | ||
| 600 | _aनाडकर्णी सुरेश | ||
| 630 | _aसाधे रोग | ||
| 700 | _aनाडकर्णी सुरेश | ||
| 730 | _aसाधे रोग | ||
| 942 | _cBOOK | ||
| 999 |
_c833982 _d833979 |
||